[Event "World Youth U16 Olympiad 2012"]
[Site "Istanbul TUR"]
[Date "2012.09.04"]
[Round "9.19"]
[White "Fellah,M"]
[Black "Aksoy,Ayca"]
[Result "0-1"]
[WhiteElo "1928"]
[BlackElo "1696"]

1.e4 c5 2.Nf3 e6 3.d4 cxd4 4.Nxd4 a6 5.Nc3 Qc7 6.a3 Nf6 7.f3 d6 8.Be3 Be7
9.Qd2 Nbd7 10.g4 Ne5 11.O-O-O b5 12.g5 Nfd7 13.f4 Nc4 14.Bxc4 bxc4 15.h4 Rb8
16.Nce2 Qb7 17.c3 d5 18.exd5 Bxa3 19.dxe6 Bxb2+ 20.Kc2 Qe4+  0-1

[Event "5th Sabadell Open A"]
[Site "Sabadell ESP"]
[Date "2012.09.04"]
[Round "6"]
[White "Rodriguez Garcia,V"]
[Black "Orozco,Li"]
[Result "1/2-1/2"]
[WhiteElo "2383"]
[BlackElo "2150"]

1.e4 c5 2.Nc3 a6 3.Nf3 e6 4.d4 cxd4 5.Nxd4 Qc7 6.Bd3 Nf6 7.O-O Be7 8.a4 b6
9.Qe2 d6 10.Be3 Bb7 11.Nb3 O-O 12.f3 Nbd7 13.Qf2 d5 14.exd5 Nxd5 15.Nxd5 Bxd5
16.Rfd1 Bf6 17.Bd4 Bxb3 18.cxb3 Bxd4 19.Qxd4 Qc5 20.Bc4 Rfd8 21.Qxc5 Nxc5
22.Rxd8+ Rxd8 23.b4 Nxa4 24.Rxa4 b5 25.Rxa6 bxc4 26.Rc6 Kf8 27.Rxc4 Rd1+
28.Kf2 Rd2+ 29.Kg3 Rxb2  1/2-1/2

[Event "40th Olympiad Open"]
[Site "Istanbul TUR"]
[Date "2012.09.05"]
[Round "8.29"]
[White "Macias Murillo,B"]
[Black "Flores Rios,M"]
[Result "1-0"]
[WhiteElo "2365"]
[BlackElo "2498"]

1.e4 c5 2.Nf3 e6 3.d4 cxd4 4.Nxd4 a6 5.Nc3 b5 6.Be3 Bb7 7.f3 Qc7 8.Qd2 Nf6
9.g4 b4 10.Na4 d5 11.g5 Nfd7 12.O-O-O Qa5 13.b3 Nc5 14.Nxc5 Bxc5 15.Kb1 O-O
16.e5 Qb6 17.Qf2 a5 18.Bd3 Nc6 19.Nxc6 Bxe3 20.Bxh7+ Kh8 21.Qh4 Bxg5 22.Qxg5 Qxc6
23.Rhg1  1-0

[Event "40th Olympiad Open"]
[Site "Istanbul TUR"]
[Date "2012.09.05"]
[Round "8.21"]
[White "Isaev,J"]
[Black "Golizadeh,A"]
[Result "0-1"]
[WhiteElo "2357"]
[BlackElo "2472"]

1.e4 c5 2.Nf3 e6 3.d4 cxd4 4.Nxd4 a6 5.Nc3 b5 6.Bd3 Qb6 7.Nb3 Qc7 8.O-O d6
9.f4 Nd7 10.Qf3 Ngf6 11.Bd2 Bb7 12.Rae1 g6 13.Qh3 Bg7 14.f5 gxf5 15.exf5 e5
16.a4 bxa4 17.Nxa4 O-O 18.Re3 Kh8 19.c4 Rg8 20.Rf2 Rab8 21.Na5 Ba8 22.b4 e4
23.Be2 Ne5 24.Bc3 Neg4 25.Bxg4 Nxg4 26.f6 Bh6 27.Rg3 Qd7 28.Nb2 e3 29.Re2 Qf5
30.Nb3 Bf4 31.Nd4 Qg6 32.Rxg4 Qxg4 33.Qxg4 Rxg4 34.Nd3 Be5 35.Nxe5 dxe5 36.Nf5 Rd8
37.Nxe3 Re4 38.Kf2 Rd6 39.Rd2 Rxd2+ 40.Bxd2 Rf4+ 41.Kg3 Rxf6 42.Bc3 Re6 43.Kg4 Be4
44.g3 Rg6+ 45.Kh4 f6 46.g4 Kg7 47.Kg3 Kf7 48.Kf2 Ke6 49.h3 Rg8 50.Ke2 Rd8
51.Be1 Rd3 52.h4 Rb3 53.Bd2 Rb1 54.Be1 Rb3 55.Bd2 Bd3+ 56.Kf2 Rb1 57.c5 Be4
58.Ke2 Rb2 59.Nd1 Bf3+ 60.Kxf3 Rxd2 61.Ne3 Rd4 62.c6 Rd6  0-1

[Event "40th Olympiad Open"]
[Site "Istanbul TUR"]
[Date "2012.09.05"]
[Round "8.53"]
[White "Gohil,Mehul"]
[Black "Al Zendani,Z"]
[Result "0-1"]
[WhiteElo "2072"]
[BlackElo "2363"]

1.e4 c5 2.Nf3 e6 3.d4 cxd4 4.Nxd4 a6 5.Nc3 Qc7 6.Be3 Bb4 7.Qd3 Nf6 8.Be2 Bxc3+
9.bxc3 Nxe4 10.c4 Qa5+ 11.Kf1 f5 12.Nb3 Qc7 13.f3 O-O 14.Ke1 Nf6 15.Bc5 Rf7
16.Bd6 Qd8 17.Rd1 b6 18.h3 Bb7 19.Rg1 Nh5 20.g4 fxg4 21.Rxg4 Nc6 22.f4 Ne7
23.Rg5 Nf6 24.Nd4 Ne4 25.Nf3 Nxd6 26.Qxd6 Nf5 27.Qd2 Bxf3 28.Bxf3 Rc8 29.Bb7 Rxc4
30.Bxa6 Re4+ 31.Be2 Nd4  0-1

[Event "11th Kesarovski-Stanchev Mem"]
[Site "Sunny Beach BUL"]
[Date "2012.09.05"]
[Round "5.17"]
[White "Manole,S"]
[Black "Michalczak,T"]
[Result "1-0"]
[WhiteElo "2125"]
[BlackElo "2366"]

1.e4 c5 2.Nf3 e6 3.d4 cxd4 4.Nxd4 a6 5.Nc3 b5 6.Bd3 Qb6 7.Nb3 Qc7 8.O-O Nf6
9.Re1 Bb7 10.Bg5 b4 11.Bxf6 gxf6 12.Nd5 exd5 13.exd5+ Kd8 14.Qh5 d6 15.Re4 Bg7
16.Rae1 h6 17.Qe2 Qb6 18.Rc4  1-0

[Event "40th Olympiad Open"]
[Site "Istanbul TUR"]
[Date "2012.09.06"]
[Round "9.48"]
[White "Elliott,W"]
[Black "Gwaze,R"]
[Result "0-1"]
[WhiteElo "2250"]
[BlackElo "2454"]

1.e4 c5 2.Nf3 e6 3.d4 cxd4 4.Nxd4 a6 5.Nc3 b5 6.Bd3 Bc5 7.Nb3 Be7 8.O-O Nc6
9.Qg4 Bf6 10.f4 d6 11.Qf3 Qc7 12.e5 dxe5 13.Na5 Nge7 14.fxe5 Qa7+ 15.Be3 Nxe5
16.Qe4 Qb8 17.Bf4 N7g6 18.Bg3 Bd7 19.Kh1 O-O 20.Nb3 Qc8 21.Be2 h6 22.a3 Bc6
23.Qe3 Qb7 24.Rf2 Bg5 25.Qc5 Qa7 26.Qxa7 Rxa7 27.Nd1 Be4 28.Nd4 Rd8 29.c3 Nc4
30.Bf3 Bxf3 31.Rxf3 Rad7 32.Rf1 e5 33.Nf3 e4 34.Nd4 Ne7 35.Re1 f5 36.b3 Nb6
37.Ne6 Rc8 38.Bf2 Rd6 39.Nc5 e3 40.Bxe3 Bxe3 41.Rxe3 Ned5 42.Nxa6 Nxe3 43.Nxe3 Nd5
44.Nxd5 Rxd5 45.Nb4 Rd2 46.a4 bxa4 47.bxa4 Rxc3 48.h3 Rc4 49.Rb1 Rdd4 50.Na6 Rxa4
51.Rb8+ Kf7 52.Rb7+ Kf6 53.Nc5 Rab4 54.Ra7 Rd6 55.Nd7+ Kg5 56.Ne5 Kf4 57.Nf3 g5
58.Kh2 h5 59.Ra3 h4 60.Ra1 g4 61.hxg4 fxg4 62.Nxh4 Rb2 63.Rf1+ Kg5 64.Nf5 Rdd2
65.Ne3 Re2 66.Rf5+ Kh4 67.Nf1 Rxg2+ 68.Kh1 Rgf2  0-1

[Event "40th Olympiad Open"]
[Site "Istanbul TUR"]
[Date "2012.09.06"]
[Round "9.75"]
[White "Murara,M"]
[Black "Cooper,Gar"]
[Result "1-0"]
[WhiteElo "1712"]
[BlackElo "1893"]

1.e4 c5 2.Nf3 e6 3.d4 cxd4 4.Nxd4 a6 5.Nc3 d6 6.Nf3 b5 7.a3 Bb7 8.Be2 Nf6
9.e5 dxe5 10.Qxd8+ Kxd8 11.Nxe5 Bxg2 12.Rg1 Bb7 13.Nxf7+ Ke7 14.Nxh8 g6 15.Be3 Nbd7
16.O-O-O Bg7 17.Nxg6+ hxg6 18.Rxg6 Kf7 19.Bd3 Ne5 20.Rgg1 Nxd3+ 21.Rxd3 Rc8
22.Bg5 Nd5 23.h4 Bxc3 24.bxc3 Rc7 25.Rf3+ Ke8 26.Bh6 Rxc3 27.Rxc3 Nxc3 28.Rg7 Bd5
29.Be3 Bc4 30.h5 Nd5 31.h6 Nf6 32.Bd4 Nh5 33.h7  1-0

[Event "40th Olympiad Open"]
[Site "Istanbul TUR"]
[Date "2012.09.07"]
[Round "10.27"]
[White "Pinal,N"]
[Black "Miezis,N"]
[Result "0-1"]
[WhiteElo "2322"]
[BlackElo "2580"]

1.e4 c5 2.Nf3 e6 3.d4 cxd4 4.Nxd4 a6 5.Nc3 Qc7 6.g3 Bb4 7.Ne2 Nf6 8.Bg2 Be7
9.O-O Nc6 10.a4 b6 11.h3 Bb7 12.g4 h6 13.Bf4 d6 14.Ng3 Ne5 15.Qe2 g5 16.Be3 Rc8
17.Rad1 Nc4 18.Bc1 Nd7 19.Nh5 Qc5 20.Nb1 Nce5 21.c3 Qc4 22.Qc2 Qc6 23.f4 gxf4
24.Bxf4 Kd8 25.Nd2 Bg5 26.Bg3 Kc7 27.Nf3 Qc5+ 28.Kh1 Kb8 29.Nxe5 Nxe5 30.Bxe5 Qxe5
31.Rxf7 Rhf8 32.Rdf1 Rxf7 33.Rxf7 Rc4 34.Rf8+ Rc8 35.Rf7 Rc7 36.Rxc7 Kxc7
37.Qd3 Kb8 38.Qd4 Qxd4 39.cxd4 Kc7 40.Ng7 Kd7 41.d5 exd5 42.exd5 Bf6 43.Nf5 Bxb2
44.Ne3 Bc1 45.Nc4 Kc7 46.Kg1 Bc8 47.Kf2 Bd7 48.Ke2 Bxa4 49.h4 Bd7 50.Bf3 Bf4
51.Ne3 a5 52.Ng2 Be5 53.Kd3 b5 54.Ne3 Kb6 55.g5 hxg5 56.hxg5 a4 57.Bd1 Kc5
58.g6 b4  0-1

[Event "40th Olympiad Open"]
[Site "Istanbul TUR"]
[Date "2012.09.07"]
[Round "10.40"]
[White "Macias Murillo,B"]
[Black "Faisal,Ab"]
[Result "1/2-1/2"]
[WhiteElo "2365"]
[BlackElo "2245"]

1.e4 c5 2.Nf3 e6 3.d4 cxd4 4.Nxd4 a6 5.Nc3 Qc7 6.Be3 Nf6 7.Bd3 Nc6 8.Nb3 b5
9.f4 d6 10.O-O Be7 11.Qe2 Bb7 12.Rae1 O-O 13.Kh1 Rad8 14.Bg1 Rfe8 15.e5 Nd7
16.Nd4 Nc5 17.Nxc6 Qxc6 18.Bxc5 Qxc5 19.a4 b4 20.Ne4 Qb6 21.Ng3 g6 22.b3 Bh4
23.Qg4 Bxg3 24.Qxg3 a5 25.exd6 Ba6 26.d7 Rxd7 27.Bxa6 Qxa6 28.f5 Qd6 29.Re5 Qd2
30.fxe6 fxe6 31.Rxa5 Qxc2 32.Rb5 Rd1 33.Qf3 Rxf1+ 34.Qxf1 Rf8 35.Qe1 Qe4
36.Qd1 Qc2 37.Qe1 Qe4 38.Qd1 Qc2 39.Qe1 Qe4  1/2-1/2

[Event "40th Olympiad Open"]
[Site "Istanbul TUR"]
[Date "2012.09.09"]
[Round "11.55"]
[White "Ahmed,As"]
[Black "Abdulla,Omar"]
[Result "1/2-1/2"]
[WhiteElo "1784"]
[BlackElo "2019"]

1.e4 c5 2.Nf3 e6 3.Nc3 a6 4.d4 cxd4 5.Nxd4 Qc7 6.Bd3 Nc6 7.Nxc6 dxc6 8.O-O Nf6
9.Be3 b5 10.f4 Bb7 11.e5 Nd5 12.Nxd5 cxd5 13.Bd4 g6 14.Qg4 Bc5 15.Bf2 Bc8
16.Qh4 Be7 17.Qh6 Bf8 18.Qg5 Be7 19.Qh6 Bf8 20.Qg5 Be7  1/2-1/2

[Event "40th Olympiad Open"]
[Site "Istanbul TUR"]
[Date "2012.09.09"]
[Round "11.24"]
[White "Dastan,B"]
[Black "Shengelia,D"]
[Result "1-0"]
[WhiteElo "2317"]
[BlackElo "2545"]

1.e4 c5 2.Nf3 e6 3.d4 cxd4 4.Nxd4 a6 5.Nc3 Qc7 6.Bd3 Nc6 7.Be3 Nf6 8.O-O Ne5
9.h3 Bc5 10.Kh1 d6 11.f4 Ng6 12.Qe1 Bd7 13.f5 Ne5 14.Qg3 O-O 15.Nce2 Kh8
16.Bg5 Bxd4 17.Nxd4 Qb6 18.Nf3 Nxf3 19.gxf3 exf5 20.Rg1 Rg8 21.exf5 Bc6 22.b3 Nd7
23.f6 gxf6 24.Qh4 Rg7 25.Bh6 Rg6 26.Bxg6 fxg6 27.Rae1 Bxf3+ 28.Kh2 d5 29.Rxg6 Qc7+
30.Rg3 Qxc2+ 31.Kg1 Be4 32.Bg7+ Kg8 33.Bxf6+ Bg6 34.Bd4 Rf8 35.Qe7 Rf7 36.Qe8+ Nf8
37.Qe5  1-0

[Event "40th Olympiad Open"]
[Site "Istanbul TUR"]
[Date "2012.09.09"]
[Round "11.17"]
[White "Martinez Reyes,P"]
[Black "Delchev,A"]
[Result "0-1"]
[WhiteElo "2198"]
[BlackElo "2596"]

1.e4 c5 2.Nf3 e6 3.d4 cxd4 4.Nxd4 a6 5.Nc3 Qc7 6.Be2 b5 7.O-O Bb7 8.Bf3 Nc6
9.Nxc6 dxc6 10.Qe2 e5 11.a4 Nf6 12.Rd1 Be7 13.Be3 O-O 14.g3 Rad8 15.Bg2 Nd7
16.f3 Bc5 17.Bh3 b4 18.Nb1 Qb6 19.Bf2 Bxf2+ 20.Qxf2 Qxf2+ 21.Kxf2 Nc5 22.Nd2 Rd4
23.b3 Rfd8 24.Ke1 f6 25.Nc4 Kf7 26.a5 Ne6 27.Bxe6+ Kxe6 28.Nb2 c5 29.Na4 Kd6
30.Nb2 f5 31.Rxd4+ exd4 32.Nc4+ Kc7 33.exf5 Bxf3 34.Kd2 Be4 35.Re1 Re8 36.Rf1 Bd5
37.f6 Rf8 38.Rf5 Kc6 39.Ne5+ Kd6 40.Nd7 Rf7 41.Nb6 Be6 42.Rh5 g6 43.Rh4 Rxf6
44.Rxh7 Rf2+ 45.Kc1 Bf5 46.Nc4+ Kd5 47.Nd2 d3 48.cxd3 Kd4 49.g4 Bxd3 50.Rc7 g5
51.h3 Rf8 52.Kb2 Bb5 53.Kc2 Rf2 54.Kc1 c4 55.Nxc4 Rf3 56.Nd6 Bd3 57.Nf5+ Bxf5
58.Rc4+ Kd5 59.gxf5 Rxb3 60.Rg4 Rxh3 61.Rxb4 Rf3 62.Rb6 Rxf5 63.Rxa6 Ke4
64.Kd2 Kf3 65.Ra8 g4 66.a6 g3 67.a7 Rf7 68.Ke1 g2 69.Rg8 Re7+ 70.Kd2 Rxa7
71.Rf8+ Kg3 72.Rg8+ Kf2 73.Rf8+ Kg1 74.Ke2 Re7+ 75.Kf3 Rh7 76.Rg8 Kf1  0-1

[Event "3rd Livigno Open A"]
[Site "Livigno ITA"]
[Date "2012.09.10"]
[Round "1.13"]
[White "Sreeves,C"]
[Black "Castellanos Rodriguez,R"]
[Result "0-1"]
[WhiteElo "2220"]
[BlackElo "2491"]

1.e4 c5 2.Nf3 e6 3.d4 cxd4 4.Nxd4 a6 5.Nc3 Qc7 6.Bd3 Nf6 7.O-O d6 8.f4 Nbd7
9.Kh1 b5 10.a4 b4 11.Na2 Bb7 12.Qe2 Nc5 13.e5 dxe5 14.fxe5 Nd5 15.Bd2 Rd8
16.Rf2 Be7 17.Raf1 Nxd3 18.Rxf7 Qxe5 19.Qxd3 Nf6 20.Rxe7+ Kxe7 21.Bxb4+ Kf7
22.c3 Rhe8 23.Nc1 Kg8 24.Qh3 Nd5 25.Nd3 Qe3 26.Rf3 Qd2 27.Rf1  0-1

[Event "3rd Livigno Open A"]
[Site "Livigno ITA"]
[Date "2012.09.12"]
[Round "3.1"]
[White "Franklin,S"]
[Black "David,Alb"]
[Result "0-1"]
[WhiteElo "2281"]
[BlackElo "2599"]

1.e4 c5 2.Nf3 e6 3.d4 cxd4 4.Nxd4 a6 5.Nc3 Qc7 6.Bd3 Nf6 7.O-O d6 8.f4 Be7
9.Kh1 Nbd7 10.Qe1 Nc5 11.e5 Nfd7 12.Nf3 O-O 13.Qg3 f5 14.exf6 Nxf6 15.Bd2 Nxd3
16.cxd3 Bd7 17.Rae1 Rae8 18.Ng5 Bd8 19.Nce4 Nd5 20.Nc3 Nxc3 21.Bxc3 Bf6 22.Bxf6 Rxf6
23.Qe3 h6 24.Ne4 Rf5 25.Rc1 Bc6 26.Ng3 Rff8 27.Qd4 Qa5 28.a3 Qd2 29.Ne4 Bxe4
30.Qxe4 Qxb2 31.Rc7 b5 32.Qg6 Qf6 33.Qxf6 Rxf6 34.Rc6 e5 35.Rxa6 exf4 36.Kg1 Re5
37.Rb6 Rc5 38.Kf2 Re6 39.Kf3 Re3+ 40.Kxf4 Rxd3 41.Rf3 Rd4+ 42.Ke3 Rg4 43.g3 Rc3+
44.Kf2 Rc2+ 45.Kg1 Rd4 46.Rf2 Rd3 47.Rxb5 Rxf2 48.Kxf2 Rxa3 49.h4 Kf7 50.Rb7+ Kf6
51.Rd7 Rd3 52.Rd8 Kf5 53.Rg8 g5 54.hxg5 hxg5 55.Ra8 Kg4 56.Ra4+ Kh3 57.g4 Rb3
58.Rd4 Rb2+ 59.Kg1 Rb1+ 60.Kf2 Rb6 61.Kf3 Rb8 62.Kf2 Rf8+ 63.Kg1 Rf6 64.Ra4 Kg3
65.Rd4 Kf3 66.Kh2 Re6 67.Kg1 Rh6 68.Ra4 Rh4 69.Ra3+ Kxg4 70.Rd3 Rh6  0-1

[Event "InventiChess IM 2012"]
[Site "Antwerp BEL"]
[Date "2012.09.14"]
[Round "1.2"]
[White "Vandenbussche,T"]
[Black "Meng,R"]
[Result "1/2-1/2"]
[WhiteElo "2400"]
[BlackElo "2277"]

1.e4 c5 2.Nf3 e6 3.d4 cxd4 4.Nxd4 a6 5.Nc3 Qc7 6.Bd3 Nf6 7.f4 d6 8.Qf3 Nc6
9.Nxc6 bxc6 10.O-O e5 11.fxe5 dxe5 12.Bg5 Be7 13.Kh1 Be6 14.Nd1 Ng4 15.Bxe7 Qxe7
16.Qg3 h5 17.Be2 Qc5 18.Bxg4 hxg4 19.Ne3 O-O 20.Nf5 Bxf5 21.exf5 f6 22.Qxg4 Qxc2
23.Rac1 Qxb2 24.Qc4+ Rf7 25.Qxc6 Qb7 26.Qe6 Qd7 27.Rfd1 Qxe6 28.fxe6 Re7
29.Rc6 Rae8 30.Rdd6 a5 31.g4 Kh7 32.Kg2 Kg6 33.Ra6 f5 34.Rxa5 Rxe6 35.Rxe5 Rxd6
36.Rxe8 Rd2+ 37.Kg3 Rd3+ 38.Kf2 fxg4 39.a4 Ra3 40.Ra8 Kf5 41.a5 Kf4 42.Rf8+ Kg5
43.Ra8 Kf4 44.Rf8+  1/2-1/2

[Event "3rd Livigno Open A"]
[Site "Livigno ITA"]
[Date "2012.09.14"]
[Round "6.2"]
[White "Satyapragyan,S"]
[Black "Castellanos Rodriguez,R"]
[Result "1/2-1/2"]
[WhiteElo "2435"]
[BlackElo "2491"]

1.e4 c5 2.Nc3 e6 3.Nf3 a6 4.d4 cxd4 5.Nxd4 Qc7 6.Bd3 Nf6 7.O-O d6 8.f4 Nbd7
9.Kh1 b5 10.Qe2 Bb7 11.Bd2 Nc5 12.b4 Nxd3 13.cxd3 Be7 14.Rac1 Qd7 15.Rf3 O-O
16.Rg3 Rac8 17.Rf1 Rc7 18.f5 Kh8 19.fxe6 fxe6 20.Nd1 Rcc8 21.Ne3 Rce8  1/2-1/2

[Event "TCh-NED Meesterklasse 2012-13"]
[Site "Netherland NED"]
[Date "2012.09.15"]
[Round "1.4"]
[White "Klein,Da"]
[Black "Martens,M"]
[Result "1/2-1/2"]
[WhiteElo "2447"]
[BlackElo "2431"]

1.e4 c5 2.Nf3 e6 3.d4 cxd4 4.Nxd4 a6 5.Nc3 b5 6.Bd3 d6 7.O-O Nf6 8.f4 Be7
9.Kh1 Bb7 10.e5 Nd5 11.Qg4 g6 12.Ne4 Qd7 13.Bd2 Nc6 14.Nxc6 Bxc6 15.Qg3 h5
16.h3 h4 17.Qf2 Rh5 18.b3 b4 19.a3 dxe5 20.fxe5 Rf5 21.Nd6+ Bxd6 22.Bxf5 Bxe5
23.Bxg6 O-O-O 24.Bd3 Nc7 25.Bf4 Rg8 26.Bxe5  1/2-1/2

[Event "zt 3.5 China Men 2012"]
[Site "Beijing CHN"]
[Date "2012.09.16"]
[Round "4.6"]
[White "Gao Rui"]
[Black "Fan,Huifeng"]
[Result "1-0"]
[WhiteElo "2442"]
[BlackElo "2062"]

1.e4 c5 2.Nf3 e6 3.d4 cxd4 4.Nxd4 a6 5.Nc3 b5 6.Bd3 Qb6 7.Nf3 Qc7 8.O-O Bb7
9.Re1 Be7 10.e5 f5 11.Nh4 g6 12.Nf3 Nc6 13.a4 b4 14.Nb1 Bc5 15.Nbd2 Na5 16.Nb3 Nxb3
17.cxb3 h6 18.Be3 Bxe3 19.Rxe3 Ne7 20.Nd2 Nd5 21.Re1 Nf4 22.Bf1 Qc6 23.f3 Qb6+
24.Kh1 Qf2 25.Rc1 O-O 26.Rc2 Qd4 27.Rc4 Qxb2 28.Rxf4 Bd5 29.Nc4 Qf2 30.Rd4 f4
31.Qd2 Qxd2 32.Rxd2 Rab8 33.Rd4 g5 34.Nd2 Rfc8 35.Bc4 Rc5 36.Ne4 Bxe4 37.Rexe4 Rb7
38.Rd6 a5 39.g3 fxg3 40.hxg3 Kg7 41.Kg2 Ra7 42.f4 g4 43.Red4  1-0

[Event "3rd Livigno Open A"]
[Site "Livigno ITA"]
[Date "2012.09.16"]
[Round "8.1"]
[White "Zinchenko,Ya"]
[Black "David,Alb"]
[Result "1/2-1/2"]
[WhiteElo "2528"]
[BlackElo "2599"]

1.e4 c5 2.Nf3 e6 3.d4 cxd4 4.Nxd4 a6 5.Nc3 Qc7 6.Bd3 Nf6 7.O-O d6 8.Kh1 Nbd7
9.f4 Be7 10.a4 b6 11.Qe2 Bb7 12.Bd2 O-O 13.Rae1 Nc5 14.b4 Nxd3 15.cxd3 Rfe8
16.Rc1 Qd7 17.Nb3 Rac8 18.Qf2 Qd8 19.Rc2  1/2-1/2

[Event "3rd Livigno Open A"]
[Site "Livigno ITA"]
[Date "2012.09.16"]
[Round "8.2"]
[White "Kravtsiv,M"]
[Black "Castellanos Rodriguez,R"]
[Result "1-0"]
[WhiteElo "2581"]
[BlackElo "2491"]

1.e4 c5 2.Nf3 e6 3.d4 cxd4 4.Nxd4 a6 5.Nc3 Qc7 6.Be2 Nf6 7.O-O Bc5 8.Bg5 Nc6
9.Nxc6 bxc6 10.Kh1 Be7 11.f4 d6 12.Qd3 O-O 13.Qg3 Ne8 14.Bxe7 Qxe7 15.e5 d5
16.Na4 Qb4 17.Qb3 a5 18.c3 Qe7 19.Qb6 Qc7 20.Qc5 Ba6 21.Bxa6 Rxa6 22.c4 Qa7
23.cxd5 cxd5 24.Rac1 g6 25.Qxa7 Rxa7 26.Rc5 f6 27.Kg1 fxe5 28.fxe5 Rxf1+
29.Kxf1 Rf7+ 30.Ke2 Rf5 31.Rxa5 Rxe5+ 32.Kd3 Nf6 33.b4 Re4 34.b5 Nd7 35.Ra8+ Kf7
36.Ra7 Kf6 37.b6 Ne5+ 38.Kc3 Rc4+ 39.Kb3 Nc6 40.Ra6 Ke5 41.b7 Nd4+ 42.Ka3 Nb5+
43.Kb2 Rb4+ 44.Kc1 Nd6 45.Nc5 Rxb7 46.Nxb7 Nxb7 47.a4 Kd4 48.a5 e5 49.Ra8  1-0

[Event "3rd Livigno Open A"]
[Site "Livigno ITA"]
[Date "2012.09.17"]
[Round "9.17"]
[White "Antipov,M2"]
[Black "Minko,V"]
[Result "1/2-1/2"]
[WhiteElo "2457"]
[BlackElo "2293"]

1.e4 c5 2.Nf3 e6 3.d4 cxd4 4.Nxd4 a6 5.Nc3 b5 6.Bd3 Bb7 7.a3 Nc6 8.Nxc6 Bxc6
9.O-O Qc7 10.f4 Bc5+ 11.Kh1 Ne7 12.Qe2 O-O 13.Be3 Bxe3 14.Qxe3 f5 15.Rae1 fxe4
16.Bxe4 Nf5 17.Qd3 Rac8 18.Rf2 Bxe4 19.Nxe4 h6 20.c3 Qc4 21.Qd2 Qc6 22.Kg1 Rce8
23.Ng3 Nxg3 24.hxg3 Rf5 25.g4 Rd5 26.Qe3 Rf8 27.Rd2 h5 28.Rxd5 Qxd5  1/2-1/2

[Event "DYTM KL Open 2012"]
[Site "Kuala Lumpur MAS"]
[Date "2012.09.18"]
[Round "2.24"]
[White "Ding,Tze How Dilwen"]
[Black "Ngo Thi Kim Tuyen"]
[Result "0-1"]
[WhiteElo "1710"]
[BlackElo "2054"]

1.e4 c5 2.Nf3 e6 3.d4 cxd4 4.Nxd4 a6 5.Nc3 Qc7 6.Be3 d6 7.Qd2 Nf6 8.f3 Be7
9.O-O-O Nc6 10.g4 b5 11.h4 b4 12.Nce2 Bb7 13.h5 Nd7 14.Bg5 Rc8 15.Rh2 Nde5
16.Bxe7 Nxe7 17.Ng1 d5 18.Qg5 Rg8 19.exd5 Nxd5 20.Re2 f6 21.Nxe6 Qe7 22.Qd2 Qxe6
23.f4 Nxf4 24.Qxf4 Kf7 25.Rxe5 Qxe5 26.Bc4+ Kf8 27.Qxe5 fxe5 28.Rf1+ Ke7
29.Bxg8 Rxg8 30.Nf3 Rf8 31.Nh2 Rxf1+ 32.Nxf1 Kf6 33.Ne3 Kg5 34.Kd2 Bf3 35.c4 bxc3+
36.bxc3 Bxg4 37.Nxg4 Kxg4 38.c4 Kf5 39.Ke3 g5 40.hxg6 hxg6 41.c5 Ke6 42.Ke4 g5
43.c6 g4 44.c7 Kd7  0-1

[Event "TCh-SRB Prem w 2012"]
[Site "Valjevo SRB"]
[Date "2012.09.18"]
[Round "2.2"]
[White "Milosevic,Milica"]
[Black "Bojkovic,N"]
[Result "0-1"]
[WhiteElo "1665"]
[BlackElo "2392"]

1.e4 c5 2.Nf3 e6 3.d4 cxd4 4.Nxd4 a6 5.Nc3 b5 6.a3 Bb7 7.Be2 Qc7 8.Be3 Nf6
9.Qd3 d6 10.O-O Nbd7 11.Nf3 Be7 12.h3 O-O 13.Rad1 Rfd8 14.Bd4 e5 15.Be3 Nc5
16.Bxc5 dxc5 17.Qe3 Rd4 18.Nd2 Rad8 19.Bf3 b4 20.Ne2 R4d7 21.a4 c4 22.Ng3 g6
23.Be2 a5 24.Nf3 Bc5 25.Qg5 Rxd1 26.Rxd1 Rxd1+ 27.Bxd1 Qd6 28.Qd2 Nxe4 29.Qxd6 Bxd6
30.Nxe4 Bxe4 31.b3 cxb3 32.cxb3 Bd5 33.Kf1 f5 34.Nd2 Kg7 35.f3 Kf6 36.Kf2 e4
37.Ke3 Bc5+ 38.Ke2 Ke5 39.fxe4 fxe4 40.Bc2 Kd4 41.g4 e3 42.Nb1 Be4 43.Kd1 e2+
44.Kxe2 Bxc2 45.Nd2 Kc3  0-1

[Event "Vladivostok Russian Cup 2012"]
[Site "Vladivostok RUS"]
[Date "2012.09.19"]
[Round "3.11"]
[White "Inarkiev,E"]
[Black "Sukhareva,E"]
[Result "1-0"]
[WhiteElo "2683"]
[BlackElo "2268"]

1.e4 c5 2.Nf3 e6 3.Nc3 a6 4.d4 cxd4 5.Nxd4 Qc7 6.Bd3 d6 7.f4 Nf6 8.Qf3 Be7
9.Be3 Nbd7 10.g4 Nc5 11.g5 Nfd7 12.a4 b6 13.O-O O-O 14.Rac1 Re8 15.h4 Bf8
16.h5 Bb7 17.b4 Nxd3 18.cxd3 Qd8 19.Qh3 e5 20.Nf5 Rc8 21.Qg3 d5 22.Nxd5 Bxd5
23.exd5 Rxc1 24.Bxc1 Qa8 25.Qg2 exf4 26.Bxf4 Ne5 27.d4 Nc4 28.Nh6+ Kh8 29.Nxf7+ Kg8
30.g6 h6 31.d6 Qc8 32.Be5 Qe6 33.Qf3 Rc8 34.Qf5  1-0

[Event "DYTM KL Open 2012"]
[Site "Kuala Lumpur MAS"]
[Date "2012.09.20"]
[Round "6.20"]
[White "Lee,Ka"]
[Black "Ram,Aravind"]
[Result "0-1"]
[WhiteElo "2144"]
[BlackElo "1919"]

1.e4 c5 2.Nf3 e6 3.d4 cxd4 4.Nxd4 a6 5.Nc3 Qc7 6.Bd3 Bc5 7.Nb3 Be7 8.O-O d6
9.Be3 Nf6 10.f4 O-O 11.Qf3 Nbd7 12.g4 g6 13.Ne2 b6 14.Qh3 Bb7 15.Ng3 d5 16.e5 Ne4
17.Rac1 Ndc5 18.Nxe4 Nxe4 19.Bxe4 dxe4 20.Qg3 Kh8 21.Qf2 b5 22.Nd4 Rad8 23.Ne2 Bb4
24.Ng3 Rc8 25.a3 Bc5 26.Rfe1 Bxe3 27.Rxe3 Qc5 28.Nf1 a5 29.Rh3 f6 30.Rc3 e3
31.Rxe3 fxe5 32.Rxe5 Rxf4  0-1

[Event "DYTM KL Open 2012"]
[Site "Kuala Lumpur MAS"]
[Date "2012.09.20"]
[Round "6.19"]
[White "Chakravarti,K"]
[Black "Bernardino J.,A"]
[Result "0-1"]
[WhiteElo "1993"]
[BlackElo "2158"]

1.e4 c5 2.Nf3 e6 3.d4 cxd4 4.Nxd4 a6 5.Nc3 Qc7 6.Be2 Nf6 7.O-O h5 8.f4 d6
9.Kh1 Nbd7 10.Bf3 e5 11.Nf5 b5 12.fxe5 Nxe5 13.Bg5 Nfg4 14.Nd5 Qb7 15.a4 f6
16.Bf4 Nxf3 17.Qxf3 Ne5 18.Bxe5 dxe5 19.axb5 Kf7 20.b6 Bd7 21.Nc7 Rc8 22.Qb3+ Kg6
23.Rad1 Bc6 24.Nd5 a5 25.Rd3 a4 26.Rg3+ Kh7 27.Qd3 Ra8 28.Rh3 Qf7 29.Ng3 Kg8
30.Qd1 Be8 31.Nc7 Rb8 32.Nxe8 Qxe8 33.Nxh5 Rxb6 34.Qd5+ Qe6 35.Qxe6+ Rxe6
36.c3 Rb6 37.Ng3 Rxh3 38.gxh3 Rxb2  0-1

[Event "Vladivostok Russian Cup 2012"]
[Site "Vladivostok RUS"]
[Date "2012.09.20"]
[Round "4.15"]
[White "Musaev,Ra"]
[Black "Papin,V"]
[Result "0-1"]
[WhiteElo "2239"]
[BlackElo "2552"]

1.e4 c5 2.Nf3 e6 3.d4 cxd4 4.Nxd4 a6 5.Nc3 Qc7 6.Be3 b5 7.Qd2 Bb7 8.f3 Nf6
9.g4 h6 10.O-O-O b4 11.Nce2 e5 12.Nf5 d5 13.exd5 Bxd5 14.Kb1 Nc6 15.Nc1 Bxf3
16.Bg2 Ne4 17.Qd3 Bxg2 18.Rhg1 g6 19.Nh4 Nc5 20.Qe2 Be4 21.Rgf1 b3 22.axb3 Nb4
23.Rd2 Ne6 24.Bf4 Bxc2+ 25.Rxc2 Qxc2+  0-1

[Event "TCh-SRB Prem w 2012"]
[Site "Valjevo SRB"]
[Date "2012.09.21"]
[Round "5.4"]
[White "Szczepkowska Horowska,K"]
[Black "Schneider,Ve"]
[Result "0-1"]
[WhiteElo "2375"]
[BlackElo "2313"]

1.e4 c5 2.Nf3 e6 3.d4 cxd4 4.Nxd4 a6 5.Nc3 Qc7 6.Be2 b5 7.O-O Bb7 8.Re1 Nc6
9.Nxc6 dxc6 10.e5 Bb4 11.Bd3 c5 12.Bg5 Ne7 13.Be4 Bxc3 14.bxc3 Bxe4 15.Rxe4 h6
16.Qh5 Ng6 17.Be3 Rd8 18.c4 bxc4 19.Rxc4 Rd5 20.f4 O-O 21.Qe2 Qa5 22.a4 Rb8
23.Rf1 Ne7 24.g4 Nc6 25.Qf2 Rb4 26.Rxb4 Qxb4 27.h3 Qc3 28.Rb1 Nb4 29.Rb3 Qc4
30.Rb1 Qxc2 31.Qxc2 Nxc2 32.Bf2 c4 33.Rb8+ Kh7 34.Rc8 Na3 35.Be1 Rd4 36.f5 Re4
37.Bb4 Nb1 38.fxe6 fxe6 39.Rc7 c3 40.Bxc3 Nxc3 41.Rxc3 Rxe5 42.Rc6 a5 43.Ra6 Kg6
44.Kf2 Kf6 45.Kf3 Rc5 46.Ra7 g6 47.h4 Rc3+ 48.Kf2 Rc4 49.g5+ hxg5 50.hxg5+ Kxg5
51.Rxa5+ Kf4 52.Ke2 e5 53.Ra8 g5 54.a5 Ra4 55.a6 Ra2+ 56.Kf1 g4 57.a7 Kg3
58.Ke1 e4 59.Kf1 Rf2+ 60.Ke1 Ra2 61.Kf1 e3 62.Ke1 e2 63.Re8 Rxa7 64.Re3+ Kg2
65.Rxe2+ Kg1 66.Re4 g3 67.Rg4 Re7+ 68.Kd2 g2 69.Rg8 Rh7 70.Ke2 Kh1 71.Kf2 Rf7+  0-1

[Event "TCh-SUI National A 2012"]
[Site "Switzerland SUI"]
[Date "2012.09.23"]
[Round "7.2"]
[White "Edouard,R"]
[Black "Zueger,B"]
[Result "1-0"]
[WhiteElo "2607"]
[BlackElo "2425"]

1.e4 c5 2.Nf3 e6 3.d4 cxd4 4.Nxd4 a6 5.Nc3 b5 6.Bd3 Qb6 7.Nb3 Qc7 8.O-O b4
9.Ne2 Nf6 10.Bf4 Bd6 11.Bxd6 Qxd6 12.Ng3 h5 13.Qe2 Nc6 14.f4 Nd4 15.Qf2 Nxb3
16.axb3 h4 17.Ne2 Ng4 18.Qf3 Qb6+ 19.Kh1 Ne3 20.Rfe1 Bb7 21.Ng1 Nf5 22.Qg4 Ne7
23.Qxg7 Rg8 24.Qf6 Rg6 25.Qxh4 Nf5 26.Qh3 O-O-O 27.exf5 Bxg2+ 28.Qxg2 Rxg2
29.Kxg2 Rg8+ 30.Kh1 Qf2 31.Re2 Qxf4 32.Rxa6 Kb8 33.Ra1 d5 34.fxe6 fxe6 35.Rae1 e5
36.c4 bxc3 37.bxc3 e4 38.Bb1 Kc7 39.c4 e3 40.cxd5 Kd6 41.Bd3 Re8 42.Rg2 Kxd5
43.Rf1 Qh4 44.Rf5+ Kd6 45.Rg6+ Kc7 46.Rf7+ Kb8 47.Rb6+ Ka8 48.Be2 Re4 49.Bf3 e2
50.Rg6  1-0

[Event "TCh-SRB Prem w 2012"]
[Site "Valjevo SRB"]
[Date "2012.09.23"]
[Round "7.5"]
[White "Milosevic,Milica"]
[Black "Schneider,Ve"]
[Result "0-1"]
[WhiteElo "1665"]
[BlackElo "2313"]

1.e4 c5 2.Nf3 e6 3.d4 cxd4 4.Nxd4 a6 5.Nc3 b5 6.a3 Bb7 7.f3 Qc7 8.Be3 Nf6
9.Be2 d5 10.exd5 Nxd5 11.Nxd5 Bxd5 12.O-O Be7 13.Qd2 O-O 14.Rad1 Nd7 15.Nb3 Rac8
16.Bd3 Rfd8 17.Rfe1 Ne5 18.Bf4 Bd6 19.Bxe5 Bxe5 20.Rb1 Bxh2+ 21.Kh1 Bg3 22.Red1 Qe5
23.Kg1 Bxb3 24.cxb3 Qc5+ 25.Kh1 Rd5  0-1

[Event "Vladivostok Russian Cup 2012"]
[Site "Vladivostok RUS"]
[Date "2012.09.23"]
[Round "7.5"]
[White "Inarkiev,E"]
[Black "Papin,V"]
[Result "1-0"]
[WhiteElo "2683"]
[BlackElo "2552"]

1.e4 c5 2.Nf3 e6 3.Nc3 a6 4.d4 cxd4 5.Nxd4 Qc7 6.Bd3 g6 7.f4 Bg7 8.Be3 d6
9.Qd2 Nf6 10.O-O-O O-O 11.h3 b5 12.a3 Bb7 13.f5 d5 14.fxe6 dxe4 15.Be2 Qe7
16.Bg5 h6 17.Bxh6 fxe6 18.Qg5 Nd5 19.Nxe4 Qxg5+ 20.Bxg5 Bxd4 21.Rxd4 Nc6
22.Rd2 Rf5 23.h4 Rb8 24.Bg4 Re5 25.Nf6+ Nxf6 26.Bxf6 Re3 27.Rd7 Re4 28.h5  1-0